Песни Владимира Высоцкого - Армагеддон - Statistics

General Stats
  • This quiz has been taken 26 times
  • The average score is 8 of 20
Answers on the Grid
Answers color-coded by a green-red scale on the quiz's grid according to % correct below.
Дорогая пропажа
Диалог у телевизора
Песня о друге
Купола
Песенка о Моцарте
Тёмная ночь
Охота на волков
Кругом пятьсот
Солнце взойдёт
Песня без слов
Мишка Фишман
Любите, девушки
Надежды маленький оркестрик
Райские яблоки
Баллада о борьбе
Про Серёжку Фомина
Письмо с Канатчиковой дачи
Матёрый волк
Песенка о солдатских сапогах
Пиратская лирическая
Бери шинель, пошли домой
Товарищ Сталин
Дом хрустальный
Я дышал синевой
Арбатский романс
Давайте восклицать
Кони привередливые
Нежность
Лучший город земли
Красно-жёлтые дни
Я не люблю
Белое безмолвие
Король Оранжевое лето
Синяя вечность
Так оно и есть
Баллада о любви
Вершина
Здесь лапы у елей дрожат на ветру
Дежурный по апрелю
Моя цыганская
 
Answer Stats
Answer % Correct
Песня о друге
84%
Диалог у телевизора
68%
Письмо с Канатчиковой дачи
68%
Охота на волков
63%
Кони привередливые
63%
Я не люблю
63%
Баллада о любви
58%
Баллада о борьбе
53%
Вершина
42%
Моя цыганская
42%
Дом хрустальный
37%
Здесь лапы у елей дрожат на ветру
32%
Мишка Фишман
26%
Купола
21%
Кругом пятьсот
21%
Райские яблоки
21%
Про Серёжку Фомина
16%
Я дышал синевой
16%
Белое безмолвие
16%
Так оно и есть
5%
No matching quizzes found
Score Distribution
Percent of People with Each Score
Percentile by Number Answered
Your Score History
You have not taken this quiz